| 000 | 00579nam a22002057a 4500 | ||
|---|---|---|---|
| 003 | 0 | ||
| 005 | 20251108104811.0 | ||
| 008 | 251108b xxu||||| |||| 00| 0 eng d | ||
| 020 | _a0-380-71841-3 | ||
| 050 |
_aPS 3560.A653 _b.J36 1994 |
||
| 100 |
_aJance, J.A., _eauthor. |
||
| 245 |
_aLying in wait / _cJ.A. Jance. |
||
| 260 |
_aNew York, NY : _bAvon Books, _c1994. |
||
| 300 |
_a386 pages ; _c18 cm. |
||
| 650 | _aDetective and mystery stories. | ||
| 650 |
_aMurder _xInvestigation _vFiction. |
||
| 650 |
_aPolice _xFiction. |
||
| 650 | _aSuspense fiction. | ||
| 942 |
_2lcc _cBK |
||
| 999 |
_c368544 _d368544 |
||